Fenerbahce players (2000-2010) - Statistics

General Stats
  • This quiz has been taken 5 times
  • The average score is 38 of 98
Answer Stats
Rank Player Positions Nationality Matches Goals (assists) Period % Correct
2 Alex AM 174 94 (85) 2004-2010
100%
8 Selçuk Şahin DM 131 9 (15) 2003-2010
80%
1 Ümit Özat LB 182 12 (33) 2001-2007
80%
5 Volkan Demirel GK 146 0 (1) 2002-2010
80%
13 Deivid ST 94 23 (14) 2006-2010
60%
11 Deniz Barış CB 102 2 (6) 2004-2010
60%
12 Diego Lugano CB 97 14 (4) 2006-2010
60%
40 Emre Belözoğlu CM 50 2 (6) 2008-2010
60%
15 Fabio Luciano CB 90 11 (2) 2003-2006
60%
17 Gökhan Gönül RB 83 2 (10) 2007-2010
60%
3 Mehmet Aurélio DM 157 13 (22) 2003-2008
60%
51 Mehmet Topuz RM 28 1 (2) 2009-2010
60%
18 Mert Nobre ST 80 46 (12) 2003-2006
60%
7 Rüştü Reçber GK 140 0 (1) 2000-2003, 2004-2007
60%
6 Semih Şentürk ST 141 44 (24) 2000-2001, 2002-2010
60%
9 Serhat Akın RW 125 41 (22) 2000-2005
60%
44 Servet Çetin CB 42 3 (1) 2003-2006
60%
4 Tuncay Şanlı LW 154 59 (23) 2002-2007
60%
22 Abdullah Ercan LM 72 4 (6) 2000-2003
40%
49 Ali Bilgin CM 34 2 (2) 2007-2010
40%
14 Ali Güneş CM 92 5 (8) 2000-2004
40%
52 André Santos LB 27 5 (2) 2009-2010
40%
68 Ariel Ortega AM 14 5 (7) 2002-2003
40%
84 Bekir İrtegün CB 7 1 (0) 2009-2010
40%
86 Burak Yılmaz ST 6 0 (0) 2008-2009
40%
61 Can Arat CB 20 0 (1) 2002-2003, 2005-2009
40%
43 Ceyhun Eriş AM 42 8 (4) 2001-2003
40%
65 Claudio Maldonado DM 17 0 (2) 2007-2009
40%
33 Colin Kazım-Richards ST 61 5 (4) 2007-2010
40%
57 Cristian CM 25 3 (1) 2009-2010
40%
35 Dani Güiza ST 59 22 (10) 2008-2010
40%
23 Edú Dracena CB 72 5 (1) 2006-2009
40%
53 Elvir Baljic LW 27 5 (7) 2000-2001
40%
50 Fábio Bilica CB 28 0 (1) 2009-2010
40%
34 Fatih Akyel RB 60 0 (2) 2001-2005
40%
81 Gökhan Emreciksin RW 9 0 (1) 2008-2009
40%
77 Gökhan Ünal ST 10 2 (1) 2009-2010
40%
29 Haim Revivo AM 65 29 (15) 2000-2003
40%
78 İlhan Parlak ST 10 0 (0) 2007-2009
40%
67 Ivaylo Petkov LB 16 0 (4) 2003-2004
40%
85 John Moshoeu AM 7 0 (0) 2000-2001
40%
70 Josico DM 14 0 (0) 2008-2009
40%
36 Kennet Andersson ST 56 15 (14) 2000-2002
40%
62 Mahmut Hanefi Erdoğdu LB 18 0 (1) 2003-2006
40%
41 Mateja Kežman ST 46 20 (8) 2006-2008
40%
16 Mehmet Yozgatlı RW 84 7 (18) 2003-2007
40%
39 Milan Rapaic LM 51 15 (19) 2000-2003
40%
63 Miroslav Stevic DM 18 1 (5) 2002-2003
40%
45 Misko Mirkovic CB 39 3 (1) 2000-2002
40%
32 Mustafa Dogan CB 63 0 (0) 2000-2003
40%
46 Nicolas Anelka ST 39 14 (9) 2004-2006
40%
42 Nikola Lazetic RM 46 6 (6) 2000-2002
40%
24 Ogün Temizkanoğlu CB 71 10 (11) 2000-2003
40%
71 Oğuz Dağlaroğlu GK 14 0 (0) 2000-2003
40%
10 Önder Turacı CB 121 5 (2) 2004-2010
40%
60 Özer Hurmacı AM 21 2 (2) 2009-2010
40%
37 Pierre van Hooijdonk ST 53 32 (12) 2003-2005
40%
98 Robert Enke GK 1 0 (0) 2003-2004
40%
30 Roberto Carlos LB 65 6 (8) 2007-2010
40%
19 Samuel Johnson DM 80 14 (2) 2000-2003
40%
58 Serdar Kulbilge GK 22 0 (0) 2006-2008
40%
47 Sergiy Rebrov CF 38 4 (6) 2002-2004
40%
28 Serkan Balcı RB 69 0 (7) 2004-2007
40%
79 Simão DM 10 0 (1) 2001-2002
40%
31 Stephen Appiah DM 64 11 (10) 2005-2008
40%
54 Stjepan Tomas CB 27 0 (0) 2003-2004
40%
56 Uche Okechukwu CB 26 7 (0) 2000-2002
40%
20 Uğur Boral LM 80 7 (10) 2006-2010
40%
75 Vladimir Beschastnykh ST 12 1 (2) 2002-2003
40%
88 Volkan Babacan GK 6 0 (0) 2008-2009
40%
76 Washington ST 12 9 (2) 2002-2003
40%
25 Wederson LB 71 3 (12) 2007-2010
40%
21 Yusuf Şimşek AM 76 8 (10) 2000-2004
40%
26 Zoran Mirkovic RB 71 3 (0) 2000-2003
40%
66 Ali Akdeniz LM 16 2 (0) 2001-2003
20%
72 Cem Karaca DM 13 0 (0) 2002-2003
20%
73 Erhan Albayrak LM 13 0 (1) 2002-2004
20%
97 Erhan Uyaroğlu ST 1 0 (0) 2000-2001
20%
69 Fabiano LB 14 0 (1) 2004-2005
20%
89 Fahri Tatan DM 5 0 (0) 2002-2003
20%
82 Gürhan Gürsoy LM 9 0 (0) 2005-2006, 2007-2009
20%
38 Hakan Bayraktar DM 51 1 (4) 2001-2004
20%
90 İsmail Güldüren CB 5 0 (0) 2003-2004
20%
27 Kemal Aslan CM 70 4 (6) 2002-2008
20%
83 Kerim Zengin RB 8 0 (1) 2006-2007
20%
74 Murat Hacıoğlu CF 12 1 (0) 2004-2005, 2006-2007
20%
59 Oktay Derelioğlu ST 21 5 (2) 2001-2003
20%
87 Olcan Adın RW 6 0 (0) 2003-2004, 2005-2007
20%
94 Ömer Karabacak RB 2 0 (0) 2000-2001
20%
64 Recep Biler GK 18 0 (0) 2002-2004
20%
91 Serkan Özsoy CB 4 0 (1) 2000-2002
20%
48 Tümer Metin AM 36 5 (4) 2006-2008
20%
55 Yasin Çakmak CB 27 0 (1) 2007-2009
20%
95 Zafer Biryol ST 2 0 (0) 2005-2006
20%
93 Alper Akıcı CB 2 0 (0) 2003-2004
0%
96 Bilal Kısa AM 1 0 (0) 2002-2003
0%
80 Celil Sağır LM 9 0 (1) 2000-2001
0%
92 Erman Yıldırım CB 3 0 (0) 2002-2003
0%
No matching quizzes found
Score Distribution
Percent of People with Each Score
Percentile by Number Answered
Your Score History
You have not taken this quiz